| 000 | 00393nam a22001337a 4500 | ||
|---|---|---|---|
| 020 | _qPB. | ||
| 040 | _cFIZZA ISHAQ | ||
| 082 |
_a178 _bBRO |
||
| 100 |
_aBrown, Peter G. _9133475 |
||
| 245 |
_aWater Ethics Foundational Readings for Students and Professionals / _cPeter G. Brown. |
||
| 260 |
_aNEW YORK: _bIsland Press, _c2010. |
||
| 300 |
_a301 p. ; _c 6 x 0.7 x 9 inches |
||
| 942 |
_2ddc _cBK |
||
| 999 |
_c616438 _d616438 |
||